Breve história de los pueblos árabes (Record no. 7615)

MARC details
000 -LEADER
campo de control de longitud fija 00366nam a2200145Ia 4500
001 - NÚMERO DE CONTROL
campo de control 3326
008 - DATOS DE LONGITUD FIJA--INFORMACIÓN GENERAL
campo de control de longitud fija 241024s9999 xx 000 0 und d
020 ## - NÚMERO INTERNACIONAL ESTÁNDAR DEL LIBRO
Número Internacional Estándar del Libro 978-9945-8835-0-3
082 ## - NÚMERO DE LA CLASIFICACIÓN DECIMAL DEWEY
Número de clasificación RD/972.9/B742b
100 ## - ENTRADA PRINCIPAL--NOMBRE DE PERSONA
Nombre de persona Juan Bosch
245 #0 - MENCIÓN DEL TÍTULO
Título Breve história de los pueblos árabes
260 ## - PUBLICACIÓN, DISTRIBUCIÓN, ETC.
Nombre del editor, distribuidor, etc. Soto Castillo
Fecha de publicación, distribución, etc. 2012
901 ## - ELEMENTOS DE DATOS A LOCAL LDA (RLIN)
a 8/10/2013 8:44:55 p.m.

No items available.

© 2024. Todos los Derechos Reservados. Desarrollado por IDEICE